Statistics for NFL Defensive Rookie of the Year Winners

Click here to take the quiz!

General Stats

  • This quiz has been taken 152 times
  • The average score is 14 of 55

Answer Stats

YearTeamPlayer% Correct
2016ChargersJoey Bosa
95%
201949ersNick Bosa
95%
2020WashingtonChase Young
94%
2014RamsAaron Donald
81%
2017SaintsMarshon Lattimore
71%
2018ColtsDarius Leonard
68%
2012PanthersLuke Kuechley
68%
2011BroncosVon Miller
68%
197049ersBruce Taylor
56%
1981GiantsLawrence Taylor
56%
2010LionsNdamukong Suh
49%
2003RavensTerrell Suggs
42%
1969SteelersJoe Greene
40%
2000BearsBrian Urlacher
38%
2015ChiefsMarcus Peters
37%
200749ersPatrick Willis
36%
1989ChiefsDerrick Thomas
35%
2002PanthersJulius Peppers
33%
2009TexansBrian Cushing
32%
1998RaidersCharles Woodson
31%
1974SteelersJack Lambert
23%
1980FalconsAl Richardson
21%
2013JetsSheldon Richardson
21%
2008PatriotsJerod Mayo
20%
2005ChargersShawne Merriman
16%
1999TitansJevon Kearse
14%
2006TexansDeMeco Ryans
12%
2001SteelersKendrell Bell
11%
1976PatriotsMike Haynes
11%
1968FalconsClaude Humphrey
10%
1978LionsAl Baker
7%
1982BrownsChip Banks
7%
199349ersDana Stubblefield
7%
2004JetsJonathan Vilma
7%
1977DolphinsA.J. Duhe
6%
1971RamsIsiah Robertson
6%
1990BearsMark Carrier
6%
1997RavensPeter Boulware
6%
1975OilersRobert Brazile
6%
1996CardinalsSimeon Rice
6%
1973BearsWally Chambers
6%
1980FalconsBuddy Curry
5%
1992ChiefsDale Carter
5%
1979BillsJim Haslett
5%
1967LionsLem Barney
5%
1986ChargersLeslie O'Neal
5%
1987BillsShane Conlan
5%
1984ChiefsBill Maas
4%
1985ColtsDuane Bickett
4%
1988JetsErik McMillan
4%
1995JetsHugh Douglas
4%
1991BroncosMike Croel
4%
1994DolphinsTim Bowens
4%
1983ColtsVernon Maxwell
4%
1972PackersWillie Buchanon
4%

Score Distribution

Percentile by Number Answered

Percent of People with Each Score

Your Score History

You have not taken this quiz